| 000 | 01332cam a22003255a 4500 | ||
|---|---|---|---|
| 001 | 016014495 | ||
| 003 | EG-ScBUE | ||
| 005 | 20220208104649.0 | ||
| 008 | 120119s2012 enk f 000 f eng d | ||
| 020 | _a9780141342023 (pbk.) | ||
| 040 |
_aStDuBDS _beng _erda _cStDuBDS _dUk _dEG-ScBUE |
||
| 082 | 0 | 4 |
_a823.92 _bMAS _222 |
| 100 | 1 |
_aMason, Emily, _d1932-2019, _eauthor. _940194 |
|
| 245 | 1 | 4 |
_aThe lost bride / _cEmily Mason. |
| 264 | 1 |
_aLondon : _bPuffin Books, _c2012. |
|
| 300 |
_a211 pages ; _c20 cm. |
||
| 336 |
_2rdacontent _atext _btxt |
||
| 337 |
_2rdamedia _aunmediated _bn |
||
| 338 |
_2rdacarrier _avolume _bnc |
||
| 490 | 0 | _aGhost detectives | |
| 520 | _aWhen the local museum needs volunteers to help it reopen, Abi, Hannah, Sarah and Grace sign up. The girls discover that the museum has a link to the spirit world when they find an ancient diary and meet a ghost bride from another century. She can't rest in peace until she finds out why her true love left her at the altar. (Back cover). | ||
| 650 | 7 |
_aDetective and mystery stories, English. _2BUEsh _914434 |
|
| 650 | 7 |
_aChildren’s stories. _2BUEsh _913280 |
|
| 650 | 7 |
_aMuseums _vFiction. _2BUEsh _940193 |
|
| 650 | 7 |
_aGhost stories. _2BUEsh _92093 |
|
| 651 | _2BUEsh | ||
| 653 |
_cJune2016 _bHHUUEENN |
||
| 655 |
_vReading book _934232 |
||
| 942 |
_2ddc _cBB |
||
| 999 |
_c21898 _d21870 |
||